Autumn ploughing of uncultivated land (Record no. 73333)
[ view plain ]
| 000 -LEADER | |
|---|---|
| fixed length control field | 01121cam a2200241 4500 |
| 001 - CONTROL NUMBER | |
| control field | WB3933-14 |
| 008 - FIXED-LENGTH DATA ELEMENTS--GENERAL INFORMATION | |
| fixed length control field | 030902n2003 000 0 eng u |
| 035 ## - SYSTEM CONTROL NUMBER | |
| System control number | (Sirsi) u123472 |
| 245 ## - TITLE STATEMENT | |
| Title | Autumn ploughing of uncultivated land |
| 260 ## - PUBLICATION, DISTRIBUTION, ETC. | |
| Date of publication, distribution, etc. | 2003 |
| 490 ## - SERIES STATEMENT | |
| Series statement | DEFRA News Release |
| Volume/sequential designation | (355/03) 1 September 2001 (2) |
| 520 ## - SUMMARY, ETC. | |
| Summary, etc. | Farmers and other land managers wanting to turn uncultivated or semi-natural land into intensive agricultural use must remember to seek consent from DEFRA before doing so. Under the Environmental Impact Assessment Regulations, uncultivated land use change projects must be assessed for environmental effects. http://www.gnn.gov.uk/gnn/national.nsf/Daily+News/E776879469233F9B80256D9400380D2E?opendocument |
| 590 ## - LOCAL NOTE (RLIN) | |
| Local note | WB |
| 650 ## - SUBJECT ADDED ENTRY--TOPICAL TERM | |
| Topical term or geographic name entry element | UNCULTIVATED LAND |
| 650 ## - SUBJECT ADDED ENTRY--TOPICAL TERM | |
| Topical term or geographic name entry element | ENVIRONMENTAL IMPACT ASSESSMENT (UNCULTIVATED LAND AND SEMI-NATURAL AREAS) (ENGLAND) REGULATIONS 2001 |
| 650 ## - SUBJECT ADDED ENTRY--TOPICAL TERM | |
| Topical term or geographic name entry element | FARMERS |
| 650 ## - SUBJECT ADDED ENTRY--TOPICAL TERM | |
| Topical term or geographic name entry element | LAND MANAGERS |
| 650 ## - SUBJECT ADDED ENTRY--TOPICAL TERM | |
| Topical term or geographic name entry element | SEMI-NATURAL LAND |
| 650 ## - SUBJECT ADDED ENTRY--TOPICAL TERM | |
| Topical term or geographic name entry element | ENVIRONMENTAL ASSESSMENT |
| 650 ## - SUBJECT ADDED ENTRY--TOPICAL TERM | |
| Topical term or geographic name entry element | LAND USE CHANGE |
| 690 ## - LOCAL SUBJECT ADDED ENTRY--TOPICAL TERM (OCLC, RLIN) | |
| Topical term or geographic name as entry element | RURAL-AGRICULTURE AND FORESTRY |
| 942 ## - ADDED ENTRY ELEMENTS (KOHA) | |
| Suppress in OPAC | 0 |
| Withdrawn status | Lost status | Source of classification or shelving scheme | Damaged status | Not for loan | Home library | Current library | Shelving location | Date acquired | Total Checkouts | Full call number | Barcode | Date last seen | Copy number | Price effective from | Koha item type |
|---|---|---|---|---|---|---|---|---|---|---|---|---|---|---|---|
| Dewey Decimal Classification | London | London | News article | 02/09/2003 | WB3933-14 | 123472-1001 | 06/08/2019 | 1 | 06/08/2019 | News article |